<?xml version="1.0" encoding="UTF-8"?>
<collection xmlns="http://www.loc.gov/MARC21/slim">
  <record>
    <leader>00000nam  2200000   4500</leader>
    <controlfield tag="001">INLIS000000000810583</controlfield>
    <controlfield tag="005">20260613090524</controlfield>
    <datafield tag="035" ind1="#" ind2="#">
      <subfield code="a">0010-0626000020</subfield>
    </datafield>
    <controlfield tag="007">ta</controlfield>
    <controlfield tag="008">260613################g##########0#ara##</controlfield>
    <datafield tag="082" ind1="#" ind2="#">
      <subfield code="a">297.211</subfield>
    </datafield>
    <datafield tag="084" ind1="#" ind2="#">
      <subfield code="a">297.211 AHM s</subfield>
    </datafield>
    <datafield tag="100" ind1=" " ind2="#">
      <subfield code="a">Ahmad bin Abdul Halim bin Taimiyah</subfield>
    </datafield>
    <datafield tag="245" ind1="1" ind2="#">
      <subfield code="a">Syarah At-Tadmuriyah :</subfield>
      <subfield code="b">Tahqiq Al-Itsbat Lil Asma' Was Shifat Wa Haqiqatu Al-Jam'i Baina Al-Qadari Was Syar'i</subfield>
    </datafield>
    <datafield tag="250" ind1="#" ind2="#">
      <subfield code="a">Cet. 1</subfield>
    </datafield>
    <datafield tag="260" ind1="#" ind2="#">
      <subfield code="b">Darul Aflam Ad-Dauliyah</subfield>
    </datafield>
    <datafield tag="300" ind1="#" ind2="#">
      <subfield code="a">1380 hlm :</subfield>
      <subfield code="b">ilustrasi ;</subfield>
      <subfield code="c">24,5 cm</subfield>
    </datafield>
    <datafield tag="700" ind1=" " ind2="#">
      <subfield code="a">Prof. Dr. Muhammad bin Kholifah At-Tamimi</subfield>
    </datafield>
    <datafield tag="600" ind1="#" ind2="4">
      <subfield code="a">Aqidah Islam Tauhid Asma wa Sifat Allah Ilmu Kalam Islam</subfield>
    </datafield>
  </record>
</collection>
